000 01262nam a2200325 4500
003 EG-GICUC
005 20260212111856.0
008 260212s2003 ua ||||fr|||| 00| 0 ara d
017 _a2003/19952
020 _a977-04-4337-9
040 _a EG-GICUC
_bara
_c EG-GICUC
_d EG-GICUC
_erda
041 0 _aara
082 0 4 _221
_a341.762
_bم ح . ض
092 0 4 _221
099 _aLaw1 11 341.762 م ح . ض 2003
100 0 _aمحمد السيد حسن داود
_eAuthor.
245 1 0 _aضوابط الحماية الدولية للبيئة الطبيعية :
_bدراسة في إطار قواعد الفقه الإسلامي ومبادئ القانون الدولي العام /
_cمحمد السيد حسن داود
264 1 _aالقاهرة :
_bدار النهضة العربية،
_c2003.
300 _a113 ؛ صفحة
_c24 سم
336 _2rda content
_atext
337 _2rda media
_aComputer
338 _2rda carrier
_aOnline Resource
546 _aالنص باللغة العربية
650 1 4 _aالقانون الدولي العام
650 1 4 _aالموارد الطبيعية
650 1 4 _aالحماية البيئية
856 4 0 _uhttps://fll.law.cu.edu.eg/fulltext/bks/B11-07796.pdf
905 _a30
942 _2ddc
_cBK
_e21
_n0
999 _c62754
_d62754